00546nam a2200193 a 4500001001300000003000900013005001700022008004100039020000900080082001500089100002900104245007400133260004100207300000900248500003500257505001000292650002100302700002900323nice12345678IN_TiNIC20260116013018.0050524s1979 cala grp 000 0 eng  ac5000a181.4bMUK aMukhopadhyay, Amal Kumar aBengali Intellectual Tradition from Rammohun Rah to Dhirendranath Sen aCalcuttabK P Bagchi & Companyc1979 a288p aincludes index and biblioraphy2 aindex aPhilosophy-Hindu1 aMukhopadhyay, Amal Kumar